Contribution à l'étude des oiseaux du lac Toho dans le Département du Mono (Record no. 46592)

MARC details
000 -LEADER
fixed length control field 00534nam a22001697a 4500
003 - CONTROL NUMBER IDENTIFIER
control field 0
005 - DATE AND TIME OF LATEST TRANSACTION
control field 20160609165230.0
008 - FIXED-LENGTH DATA ELEMENTS--GENERAL INFORMATION
fixed length control field 091125t xxu||||| |||| 00| 0 eng d
037 ## - SOURCE OF ACQUISITION
Source of stock number/acquisition Don
040 ## - SOURCE DU CATALOGAGE
Original cataloging agency BUAC
Language of cataloging Fr.
Transcribing agency BEPAC
100 ## - VEDETTE PRINCIPALE - NOM DE PERSONNE
Personal name ADEOSSI, Giraude Filde F.
9 (RLIN) 2375
245 ## - TITLE STATEMENT
Title Contribution à l'étude des oiseaux du lac Toho dans le Département du Mono
Statement of responsibility, etc ADEOSSI, Giraude Filde F.
260 ## - PUBLICATION, DISTRIBUTION, ETC. (IMPRINT)
Place of publication, distribution, etc Abomey-Calavi
Name of publisher, distributor, etc Ecole Polytechnique d'Abomey-Calavi
Date of publication, distribution, etc 2008
300 ## - PHYSICAL DESCRIPTION
Extent 56p.
650 ## - SUBJECT ADDED ENTRY--TOPICAL TERM
Topical term or geographic name as entry element GENIE ENVIRONNEMENT
9 (RLIN) 2376
942 ## - ADDED ENTRY ELEMENTS (KOHA)
Koha item type Thèse et Memoire
Holdings
Withdrawn status Lost status Damaged status Not for loan Location (home branch) Sublocation or collection (holding branch) Date acquired Source of acquisition Koha issues (times borrowed) Koha full call number Piece designation (barcode) Koha date last seen Copy number Price effective from Koha item type
        Bibliothèque Ecole Polytechnique d'Abomey-Calavi Bibliothèque Ecole Polytechnique d'Abomey-Calavi 25/11/2009 Don   27.APE/ADE M15325EPAC 25/11/2009 3 25/11/2009 Thèse et Memoire
        Bibliothèque Ecole Polytechnique d'Abomey-Calavi Bibliothèque Ecole Polytechnique d'Abomey-Calavi 24/02/2011 Don   27.APE/ADE M16907EPAC 24/02/2011 2 24/02/2011 Thèse et Memoire
        Bibliothèque Ecole Polytechnique d'Abomey-Calavi Bibliothèque Ecole Polytechnique d'Abomey-Calavi 24/02/2011 Don   27.APE/ADE M16908EPAC 24/02/2011 1 24/02/2011 Thèse et Memoire


© 2008, Bibliothèques de l'Université d'Abomey-Calavi

04 BP 789 Cotonou, Tél. : +229 21 36 01 01, Fax : +229 21 35 06 32

Courriel : bu@bu.uac.bj